ISDN - fähige Kommunikationslagen : Grundlagen - Planung - Installation /

Enregistré dans:
Détails bibliographiques
Auteur principal: Schlüter, Heinz (Auteur)
Format: Livre
Langue:allemand
Publié: Heidelberg : V.Decker, 1987
Tags: Ajouter un tag
Pas de tags, Soyez le premier à ajouter un tag!

MARC

LEADER 00000nam a22000003a 4500
001 stu27939
005 20150617225741.2
008 950217s1987----gw------------------ger-d
040 |a STU  |b slo 
041 0 |a ger 
044 |a gw 
080 |a 519.6 
080 |a 621.377.037.3 
100 1 |a Schlüter, Heinz  |4 aut 
245 1 |a ISDN - fähige Kommunikationslagen :  |b Grundlagen - Planung - Installation /  |c [aut]Schlüter,Heinz 
260 |a Heidelberg :  |b V.Decker,  |c 1987 
300 |a 307 s 
996 |b 284V030978  |c V*39515/O-16723  |l VVT  |s A  |a 24  |w stu27939_0001